LEADER 01283nam a2200277 i 4500 001 000000250248 003 CaOOAMICUS 005 20250807102457.0 008 160720s1885 it u000 u lat u 013 $a229153 040 $aSeMil$bita 110 2 $aArcidiocesi di Milano.$0(OLS)http://semarc/name/400 245 10$aDiurnum ambrosianum ... D. D. Aloisii Nazari a Calabiana archiepiscopi .. 260 $aMediolani :$bEx archiep. typographia Jacobi Agnelli,$c1885. 300 $aXXXI, 732, 18 ;$c16 cm. 500 $aLascito Card. C.M. Martini. 650 4$aLibri liturgici - Liturgia delle Ore - Rito ambrosiano.$0(OLS)http://semarc/subject/59246 650 4$aLibri liturgici - Breviario ambrosiano.$0(OLS)http://semarc/subject/59264 700 1 $aNazari di Calabiana, Luigi,$c.$0(OLS)http://semarc/name/888 850 $aSeMil 852 $aSeMil$W1$xVenegono$y1$m2ZA VIII 16 FA$j200594$B200594$CSeMilBibl$Z2$F212324 $8I 941 1 $a4 961 $aLascito: Martini Card. Carlo Maria 996 $6245$aDiurnum ambrosianum ... D. D. Aloisii Nazari a Calabiana archiepiscopi ..$9(OLS)http://semarc/title/352158 996 $6260$aMediolani :$bEx archiep. typographia Jacobi Agnelli$9(OLS)http://semarc/publisher/55371 LEADER 01029nam a2200217 i 4500 001 000000203010 003 CaOOAMICUS 005 20110610000000.0 008 110610s1976 it u000 u ita u 013 $a181722 040 $aSeMil$bita 245 10$aCittą e fabbrica nella resistenza :$bSesto san Giovanni 1943-1945, documenti /$cA cura dell' Istituto milanese per la storia della Resistenza e del movimento operaio. 250 $aSeconda edizione. 260 $a[S.l. :$bs.n.],$c1976$e(Sesto san Giovanni :$fCentro Stampa Comunale,$g1976) 300 $a86 p. ;$c21 cm. 700 1 $aIstituto milanese per la storia della Resistenza e del movimento operaio.$0(OLS)http://semarc/name/21249 850 $aSeMil 852 $aSeMil$W1$xVenegono$y1$m5D VIII 26/22$j153506$B153506$CSeMilBibl$Z2$F164439 $81 961 $aOmaggio: Altro 996 $6245$aCittą e fabbrica nella resistenza :$bSesto san Giovanni 1943-1945, documenti$9(OLS)http://semarc/title/293872 996 $6260$a[S.l. :$bs.n.]$9(OLS)http://semarc/publisher/29751